Gotas que agrietan la roca. Crónicas, entrevistas y diálogos sobre territorios, acceso a la justicia y derechos fundamentales (Registro nro. 169811)
[ vista simple ]
| 000 -LEADER | |
|---|---|
| fixed length control field | 01992nam a22002657a 4500 |
| 007 - PHYSICAL DESCRIPTION FIXED FIELD--GENERAL INFORMATION | |
| fixed length control field | cr|||| |||| |
| 008 - FIXED-LENGTH DATA ELEMENTS--GENERAL INFORMATION | |
| fixed length control field | 210430s2014 co |||||s|||| 00||0 spa d |
| 020 ## - INTERNATIONAL STANDARD BOOK NUMBER | |
| International Standard Book Number | 978-958-665-277-3 |
| 035 ## - | |
| -- | 33208 |
| 040 ## - CATALOGING SOURCE | |
| Original cataloging agency | vLex |
| 090 ## - | |
| -- | 11575 |
| -- | 11575 |
| 100 1# - MAIN ENTRY--PERSONAL NAME | |
| Personal name | Arenas Amorocho, Héctor |
| 245 10 - TITLE STATEMENT | |
| Title | Gotas que agrietan la roca. Crónicas, entrevistas y diálogos sobre territorios, acceso a la justicia y derechos fundamentales |
| Medium | [Recurso electrónico] / |
| Statement of responsibility, etc | Héctor Arenas Amorocho, Antonio Girón Serrano |
| 256 ## - | |
| -- | Servicio en línea |
| 260 ## - PUBLICATION, DISTRIBUTION, ETC. (IMPRINT) | |
| Place of publication, distribution, etc | Bogotá: |
| Name of publisher, distributor, etc | Siglo del Hombre Editores, |
| Date of publication, distribution, etc | 2014 |
| 300 ## - PHYSICAL DESCRIPTION | |
| Extent | 1 recurso electrónico |
| 500 ## - GENERAL NOTE | |
| General note | Con un prólogo del nobel de literatura José Saramago, en este libro encontramos una serie de crónicas sobre la historia del Colectivo de Abogados José Alvear Restrepo. -Gotas que agrietan la roca- es una invitación a conocer esas -salas de urgencia- de la convulsa historia reciente colombiana en las que operan la voluntad y el coraje de hombres y mujeres incapaces de admitir que la injusticia pronuncie siempre la última palabra. La Corporación Colectivo de Abogados José Alvear Restrepo, una de las entidades pioneras en la defensa de los derechos humanos y la promoción de la paz en Colombia, celebra su 35º Aniversario con esta publicación en colaboración con Siglo del Hombre Editores. |
| 506 1# - RESTRICTIONS ON ACCESS NOTE | |
| Terms governing access | Disponible solo en los productos indicados |
| Authorized users | vLex Global |
| -- | vLex Global (Academic Edition, excluding Law Schools) |
| -- | vLex Global (U.S. Academic Edition, Law Schools) |
| -- | vLex Global (U.S. Academic Edition, excluding Law Schools) |
| -- | vLex Global (Academic Edition, Law Schools) |
| 650 04 - SUBJECT ADDED ENTRY--TOPICAL TERM | |
| Topical term or geographic name as entry element | Economía Española |
| Geographic subdivision | Colombia |
| 700 1# - ADDED ENTRY--PERSONAL NAME | |
| Personal name | Girón Serrano, Antonio |
| 740 0# - | |
| -- | vLex Libros (Servicio en línea) |
| 856 40 - LOCALIZACIÓN Y ACCESO ELECTRÓNICO | |
| Identificador Uniforme del Recurso (URI/URL) | https://vlex.com/source/gotas-que-agrietan-la-roca-cronicas-entrevistas-y-dialogos-sobre-territorios-acceso-a-la-justicia-y-derechos-fundamentales-33208 |
| 942 ## - | |
| -- | RAA |
| 999 ## - | |
| -- | 169811 |
| -- | 169811 |
No hay ítems disponibles.